000 00641nam a22002417a 4500
003 UA-OsUOA
001 420
007 ta
008 20050601b un ||||| |||| 00| 0 ukr d
100 _aКниш Г. А.
090 _a821.161.2
942 _cBK
040 _aUA-OsUOA
_bukr
_cUA-OsUOA
_dUA-OsUOA
245 _aМагічний кристал
_bРоман
300 _a366 с.
955 _a4
041 _aukr
080 _a821.161.2
020 _a5-333-00221-5
260 _aК.
_bРадянський письменик
_c1989
650 7 _a82 Література. Літературознавство
_2UDC
999 _c286595
_d286595